A Gyűrűk ura, mint "segítő" olvasmány

Elmentve itt :
Bibliográfiai részletek
Szerző: Sebestyén Balázs
Dokumentumtípus: Cikk
Megjelent: Szegedi Tudományegyetem Juhász Gyula Pedagógusképző Kar Alkalmazott Egészségtudományi és Egészségfejlesztési Intézet Szeged 2017
Sorozat:Egész-ség 2 No. 1-2
Kulcsszavak:Szabadidő felhasználása, Rekreáció, Egészségvédelem - Magyarország, Mentálhigiéné, Személyiséglélektan
Tárgyszavak:
Online Access:http://acta.bibl.u-szeged.hu/50110
LEADER 00888nab a2200193 i 4500
001 acta50110
005 20250508090744.0
008 180212s2017 hu o 000 hun d
040 |a SZTE Egyetemi Kiadványok Repozitórium  |b hun 
041 |a hun 
100 1 |a Sebestyén Balázs 
245 1 2 |a A Gyűrűk ura, mint "segítő" olvasmány  |h [elektronikus dokumentum] /  |c  Sebestyén Balázs 
260 |a Szegedi Tudományegyetem Juhász Gyula Pedagógusképző Kar Alkalmazott Egészségtudományi és Egészségfejlesztési Intézet  |b Szeged  |c 2017 
300 |a 56-57 
490 0 |a Egész-ség  |v 2 No. 1-2 
650 4 |a Társadalomtudományok 
650 4 |a Pszichológia 
695 |a Szabadidő felhasználása, Rekreáció, Egészségvédelem - Magyarország, Mentálhigiéné, Személyiséglélektan 
856 4 0 |u http://acta.bibl.u-szeged.hu/50110/1/egesz-seg_005_001_002_056-057.pdf  |z Dokumentum-elérés